|
|
|
|
| LEADER |
00724nam a2200217Ia 4500 |
| 001 |
CTU_185563 |
| 008 |
210402s9999 xx 000 0 und d |
| 020 |
|
|
|c 28500
|
| 082 |
|
|
|a 664.028
|
| 082 |
|
|
|b Kh103
|
| 100 |
|
|
|a Nguyễn, Mạnh Khải
|
| 245 |
|
0 |
|a Giáo trình bảo quản nông sản :
|
| 245 |
|
0 |
|b Dùng cho sinh viên các trường Cao đẳng, Trung cấp nông, công nghiệp thực phẩm
|
| 245 |
|
0 |
|c Nguyễn Mạnh Khải
|
| 260 |
|
|
|a Hà Nội
|
| 260 |
|
|
|b Giáo dục Việt Nam
|
| 260 |
|
|
|c 2009
|
| 650 |
|
|
|a Farm produce,Nông sản
|
| 650 |
|
|
|x Preservation,Bảo quản
|
| 904 |
|
|
|i Hải
|
| 980 |
|
|
|a Trung tâm Học liệu Trường Đại học Cần Thơ
|